Sports Quiz

Random Sports or Baseball Quiz

MLB All-Star Starting Pitchers (AL) Quiz Stats

 Plays Quiz Updated Sep 10, 2019

Score 0/90 Timer 10:00
0 Plays Today
Year Name % Correct
2019Justin Verlander
95.2%
2012Justin Verlander
93.4%
2018Chris Sale
88.4%
2017Chris Sale
87.2%
2014Felix Hernandez
86.6%
1986Roger Clemens
85.6%
2001Roger Clemens
85.6%
2016Chris Sale
85.5%
1995Randy Johnson
81.1%
1997Randy Johnson
81.1%
1999Pedro Martinez
78.8%
2010David Price
78.7%
2013Max Scherzer
77.6%
2009Roy Halladay
72.2%
1954Whitey Ford
67.1%
1960 (2)Whitey Ford
67.1%
1961 (1)Whitey Ford
67.1%
2011Jered Weaver
66.5%
1970Jim Palmer
66.5%
1972Jim Palmer
66.5%
1977Jim Palmer
66.5%
1978Jim Palmer
66.5%
2015Dallas Keuchel
65.5%
1979Nolan Ryan
65%
2008Cliff Lee
63%
1981Jack Morris
58.9%
1985Jack Morris
58.9%
1991Jack Morris
58.9%
2004Mark Mulder
54.4%
1998David Wells
52.6%
Year Name % Correct
2000David Wells
52.6%
1989Dave Stewart
51.6%
1987Bret Saberhagen
51.3%
1971Vida Blue
48.7%
1975Vida Blue
48.7%
2005Mark Buehrle
47.9%
1941Bob Feller
45.7%
1946Bob Feller
45.7%
1973Catfish Hunter
45.3%
1983Dave Stieb
42.5%
1984Dave Stieb
42.5%
2006Kenny Rogers
41.9%
1988Frank Viola
39.1%
1990Bob Welch
38.6%
1966Denny McLain
37%
1933Lefty Gomez
33.6%
1934Lefty Gomez
33.6%
1935Lefty Gomez
33.6%
1937Lefty Gomez
33.6%
1938Lefty Gomez
33.6%
2002Derek Lowe
33.1%
1936Lefty Grove
30%
1982Dennis Eckersley
29.7%
1976Mark Fidrych
29.6%
1994Jimmy Key
29.1%
1974Gaylord Perry
28.6%
2007Dan Haren
27.7%
1968Luis Tiant
27.3%
1996Charles Nagy
27.2%
1992Kevin Brown
26.2%
Year Name % Correct
1980Steve Stone
25.8%
1993Mark Langston
23.4%
2003Esteban Loaiza
22.8%
1947Hal Newhouser
21%
1939Red Ruffing
20.6%
1940Red Ruffing
20.6%
1959 (1)Early Wynn
18.7%
1964Dean Chance
17.9%
1967Dean Chance
17.9%
1957Jim Bunning
15%
1961 (2)Jim Bunning
15%
1962 (1)Jim Bunning
15%
1969Mel Stottlemyre
14.5%
1953Billy Pierce
12.4%
1955Billy Pierce
12.4%
1956Billy Pierce
12.4%
1958Bob Turley
11.5%
1942Spud Chandler
9%
1950Vic Raschi
9%
1952Vic Raschi
9%
1949Mel Parnell
7.5%
1965Milt Pappas
7.3%
1960 (1)Bill Monbouquette
4.7%
1943Dutch Leonard
4.2%
1959 (2)Jerry Walker
3.9%
1951Ned Garver
3.3%
1963Ken McBride
2.8%
1948Walt Masterson
2.8%
1962 (2)Dave Stenhouse
2.3%
1944Hank Borowy
2%

You're not logged in!

Compare scores with friends on all Sporcle quizzes.
OR
Log In

Sporcle TV

Today on Sporcle TV


Watch our educational content, quiz creation guides, and fun videos on Sporcle TV.

Show Comments

Extras

Top Quizzes Today


Score Distribution

Your Account Isn't Verified!

In order to create a playlist on Sporcle, you need to verify the email address you used during registration. Go to your Sporcle Settings to finish the process.

Report this User

Report this user for behavior that violates our Community Guidelines.

Details: